000 00729nam a22002057a 4500
999 _c10566
_d10566
003 AR-CdUCM
008 190401b ||||| |||| 00| 0 spa d
040 _aMUNICIPALIDAD PROVINCIAL DEL CUSCO
_cBIBLIOTECA MUNICIPAL DEL CUSCO
082 _a869.84 /
_bL78P / 1958
100 _aLuksic, Luis
_914038
245 _a4 poemas y 8 dibujos /
260 _aLa Paz :
_bAl. G. Caracas/La Paz,
_c1958.
300 _a18 páginas ;
_bIlustraciones,
_c26.5 cm.
500 _aDedicatoria
505 _aContenido: Aguafuerte de Walter Solón Romero -- Acuarela de Enrique Geuer -- Dibujo a tinta de Enrique Arnal -- Carbón de Enrique Geuer ...
650 _aPoemas
_9929
650 _aDibujos
_92628
942 _2ddc
_cLIBROS
945 _aacv